Preeclampsia (Registro nro. 66110)

Detalles MARC
000 -ENCABEZADO
Número de control [NR] 01318nam a2200325Ia 4500
008 - DE LONGITUD FIJA DE DATOS DE ELEMENTOS - INFORMACIÓN GENERAL
Elementos de longitud fija [NR] 130821s2009 mx a gr spa
020 ## - NUMERO INTERNACIONAL NORMALIZADO PARA LIBROS [R]
Número Internacional Normalizado del libro [NR] 9786077504320
040 ## - FUENTE DE CATALOGACION [NR]
Agencia de catalogación original [NR] Co-BoUCM
Idioma de catalogación [NR] spa
041 00 - CODIGO DE IDIOMA [R]
Código de idioma para texto/pista de sonido o título separado [R] Español
060 00 - SIGNATURA TOPOGRAFICA DE LA BIBLIOTECA NACIONAL DE MEDICINA (NLM) [R]
Número clasificador [R] WQ 215
100 1# - ASIENTO PRINCIPAL--NOMBRE PERSONAL [NR]
Nombre personal [NR] Briones Garduño, Jesús Carlos
ID Autoridad 166619
245 10 - MENCION DE TITULO [NR]
Título [NR] Preeclampsia
Mención de responsabilidad, etc. [NR] Jesús Carlos Briones Garduño y Alejandro Reyes Fuentes
260 ## - PUBLICACION, DISTRIBUCION, ETC. (PIE DE IMPRENTA) [R]
Lugar de publicación, distribución, etc. [R] México D.F. (México)
Nombre del editor, distribuidor, etc. [R] Editorial Alfil
Fecha de publicación, distribución, etc. [R] 2009
300 ## - DESCRIPCION FISICA [R]
Extensión [R] 465 páginas
Otros detalles físicos [NR] ilustraciones, cuadros, tablas
490 #0 - MENCION DE SERIE [R]
Mención de serie [R] Colección Memoria
490 #0 - MENCION DE SERIE [R]
Mención de serie [R] Colección Platino de la Academia Mexicana de Cirugía
500 ## - NOTA GENERAL [R]
Nota general [NR] México 2010 Bicentenario Independencia - Centenario Revolución
504 ## - NOTA DE BIBLIOGRAFIA, ETC. [R]
Nota de bibliografía, etc. [NR]
650 04 - ASIENTO SECUNDARIO DE MATERIA - TERMINO TEMATICO [R]
Término temático o nombre geográfico como elemento de entrada [NR] Eclampsia
9 (RLIN) 13617
650 04 - ASIENTO SECUNDARIO DE MATERIA - TERMINO TEMATICO [R]
Término temático o nombre geográfico como elemento de entrada [NR] Obstetricia
9 (RLIN) 20674
650 04 - ASIENTO SECUNDARIO DE MATERIA - TERMINO TEMATICO [R]
Término temático o nombre geográfico como elemento de entrada [NR] Preeclampsia
9 (RLIN) 22170
650 04 - ASIENTO SECUNDARIO DE MATERIA - TERMINO TEMATICO [R]
Término temático o nombre geográfico como elemento de entrada [NR] Toxemia del embarazo
9 (RLIN) 25547
700 1# - ASIENTO SECUNDARIO - NOMBRE PERSONAL [R]
Nombre personal [NR] Reyes Fuentes, Alejandro
9 (RLIN) 166620
710 1# - ASIENTO SECUNDARIO - NOMBRE CORPORATIVO [R]
Nombre corporativo o de jurisdicción como elemento de entrada [NR] México.
Unidad subordinada [R] Fundación Instituto Méxicano del Seguro Social
9 (RLIN) 139256
710 1# - ASIENTO SECUNDARIO - NOMBRE CORPORATIVO [R]
Nombre corporativo o de jurisdicción como elemento de entrada [NR] México.
Unidad subordinada [R] Instituto Méxicano del Seguro Social. IMSS
9 (RLIN) 139257
710 1# - ASIENTO SECUNDARIO - NOMBRE CORPORATIVO [R]
Nombre corporativo o de jurisdicción como elemento de entrada [NR] México.
Unidad subordinada [R] Secretaria de Salud
9 (RLIN) 139258
710 2# - ASIENTO SECUNDARIO - NOMBRE CORPORATIVO [R]
Nombre corporativo o de jurisdicción como elemento de entrada [NR] Academia Mexicana de Cirugía
9 (RLIN) 36364
710 2# - ASIENTO SECUNDARIO - NOMBRE CORPORATIVO [R]
Nombre corporativo o de jurisdicción como elemento de entrada [NR] Universidad Nacional Autónoma de México. UNAM
9 (RLIN) 110500
942 ## - ELEMENTOS DE ENTRADA AGREGADOS (KOHA)
Tipo de ítem principal el descrito en 300a Libro
Tema principal Medicina
Edición 1
Parte restante de la signatura top. B858p
Sistema de clasificación NLM
Clasificación WQ 215
Título oculto en OPAC No
Existencias
Fecha de último préstamo Total préstamos Total Renewals Signatura topográfica Código de barras Última vez visto Ejemplar Price effective from Tipo de ítem Perdido Sistema de clasificación Dañado No prestable Tipo de ítem específico Suprimido Ubicación habitual Ubicación actual Localización Fecha de creación Forma de adquisición Costo
10/02/2025 9 4 WQ 215 B858p 200019733 20/03/2026 Ej.1 03/02/2013 Libro   NLM     Libro   Quinta de Mutis Quinta de Mutis 2do piso 28/02/2010 Donación 26000.00